| 000 | 01732cam a22001934a 4500 | ||
|---|---|---|---|
| 005 | 20250605164126.0 | ||
| 008 | 250528s ||||||||||||||||||||||||d | ||
| 035 | _a18450 | ||
| 020 | _a9601500200 | ||
| 040 |
_aGR-AtMCL _bgre _dGR-AtMCL _eAACR2 |
||
| 245 | 1 | _aΕλληνικά Αμοιβαία Κεφάλαια / Θεωρία και Πρακτική | |
| 260 |
_bΑντ. Ν. Σάκκουλα, _c1999 |
||
| 300 | _a376 | ||
| 520 | _aΠρόλογος, Η Εξέλιξη και το Πλαίσιο Λειτουργίας των Αμοιβαίων Κεφαλαίων, Εισαγωγή, Τα Αμοιβαία Κεφάλαια και η Εξέλιξη τους, Τι Είναι και Πώς Λειτουργούν τα Αμοιβαία Κεφάλαια, Θεσμικό και Εποπτικό Πλαίσιο, Απόψεις στη Σύγχρονη Βιβλιογραφία, Η Διαφοροποίησηση των Αμοιβαίων Κεφαλαίων, Επενδυτικές Τεχνικές, Αποδοτικότητα και Πρόβλεψη Αποδοτικότητας, Η Επαναληπτικότητα της Αποδοτικότητας και οι Ικανότητες των Διαχειριστών και τα Έξοδα, Η Ελληνική Εμπερία - 1990-1996, Η Βιβλιογραφία και το Δείγμα της Μελέτης, Εμπειρικά Αποτελέσματα, Επενδυτές και Αμοιβαία Κεφάλαια και Συμπεράσματα, Συμβουλές και Συμπεράσματα, Επίλογος, Βιβλιογραφία, Παράρτημα. | ||
| 700 | 1 |
_aΜυλωνάς Νικόλαος Θ _94713 |
|
| 942 | _cBK | ||
| 999 |
_c3811 _d3811 |
||